| 000 | 01311nam0a2200337 4500 | ||
|---|---|---|---|
| 001 | RU\NLR\BIBL_A\022710878 | ||
| 005 | 20260614173237.0 | ||
| 010 |
_a978-5-6050554-1-9 _91000 |
||
| 021 |
_aRU _bКН-П-25-074556 _9КН-П-25-7232 |
||
| 035 | _a(NLR Aleph) 022710878 | ||
| 090 |
_a13728902 _c13728902 |
||
| 100 | _a20260128d2025 u y0rusy50 ca | ||
| 101 | 0 |
_arus _aeng |
|
| 102 | _aRU | ||
| 105 | _aа z 000zy | ||
| 181 | 0 |
_ai _baxxe |
|
| 182 | 0 | _an | |
| 200 | 1 |
_aПрогулки по Петергофу _eальбом для вышивания _e[22 схемы для вышивания художника-дизайнера Светланы Каськовой] _fглавный редактор М. Пинко |
|
| 203 |
_aТекст _bвизуальный _cнепосредственный |
||
| 210 |
_aОрёл _cСовиный лес _d2025 |
||
| 215 |
_a191 с. _cцв. ил., портр. _d25 |
||
| 300 | _aТекст рус., англ. | ||
| 333 | _a12+ | ||
| 606 | 1 |
_aВышивание крестом _xУзоры _2nlr_sh1 _2nlr_sh2 _3RU\NLR\AUTH\661562283 |
|
| 686 | 1 | _aМ482 | |
| 702 | 1 |
_aКаськова _bС. _gСветлана _4570 |
|
| 702 | 1 |
_aПинко _bМ. _4340 |
|
| 942 | _cBOOK | ||
| 980 | _aNB | ||